Cases in Financial Management

Gespeichert in:
Bibliographische Detailangaben
1. Verfasser: Sulock, Joseph M.
Weitere Verfasser: Dunkelberg, John S.
Format: Buch
Sprache:Englisch
Veröffentlicht: New York Wiley 1992
Ausgabe:1. ed.
Schlagworte:
Tags: Tag hinzufügen
Keine Tags, Fügen Sie das erste Tag hinzu!

MARC

LEADER 00000nam a2200000 4500
001 c010453
005 20221206082957.1
020 |a 0-471-52904-4 
041 0 |a eng 
044 |a US 
245 1 0 |a Cases in Financial Management  |c Joseph M. Sulock, John S. Dunkelberg 
250 |a 1. ed. 
264 1 |a New York  |b Wiley  |c 1992 
300 |a 346 s. 
610 2 0 |a manažment finančný 
610 2 0 |a štúdie prípadové 
610 2 0 |a spoločnosti finančné 
610 2 0 |a financie 
610 2 0 |a plánovanie finančné 
610 2 0 |a analýza finančná 
610 2 0 |a prostriedky obežné 
610 2 0 |a rozpočty 
100 1 |a Sulock, Joseph M. 
700 1 |a Dunkelberg, John S.